| 000 | 00640nam a2200193 a 4500 | ||
|---|---|---|---|
| 005 | 20210223123051.0 | ||
| 008 | 010313s1986 mx r 000 0 spa d | ||
| 020 | _a9682313724 | ||
| 035 | _aUPN01000046748 | ||
| 049 | _aCG | ||
| 050 | 4 |
_aQH541.145 _bP76 |
|
| 245 | 0 | 4 |
_aLos problemas del conocimiento y la perspectiva ambiental del desarrollo / _ccoord. por Enrique Leff. |
| 260 |
_aMéxico : _bSiglo XXI, _c1986. |
||
| 300 |
_a476 p. : _bil. |
||
| 650 | 4 |
_aPOLITICA AMBIENTAL - _zAMERICA LATINA _91341 |
|
| 650 | 4 |
_aDESARROLLO ECONOMICO - _xASPECTOS SOCIALES - _zAMERICA LATINA _926239 |
|
| 700 | 1 |
_aLeff, Enrique, _ecoord. |
|
| 905 | _aLibro | ||
| 999 |
_c46748 _d46748 |
||